Your mother and mine, (Record no. 15654)

MARC details
000 -LEADER
fixed length control field 00850cam a22002411 4500
001 - CONTROL NUMBER
control field ca 22000739
003 - CONTROL NUMBER IDENTIFIER
control field DLC
005 - DATE AND TIME OF LATEST TRANSACTION
control field 20260227111110.0
007 - PHYSICAL DESCRIPTION FIXED FIELD--GENERAL INFORMATION
fixed length control field cr_|||||||||||
008 - FIXED-LENGTH DATA ELEMENTS--GENERAL INFORMATION
fixed length control field 861022s1922 cau 000 0 eng
010 ## - LIBRARY OF CONGRESS CONTROL NUMBER
LC control number ca 22000739
035 ## - SYSTEM CONTROL NUMBER
System control number (OCoLC)14479376
040 ## - CATALOGING SOURCE
Original cataloging agency DLC
Transcribing agency CU-BANC
Modifying agency DLC
042 ## - AUTHENTICATION CODE
Authentication code premarc
050 00 - LIBRARY OF CONGRESS CALL NUMBER
Classification number PS3511.A5
Item number Y6 1922
100 1# - MAIN ENTRY--PERSONAL NAME
Personal name Fall, Nellie M.
245 10 - TITLE STATEMENT
Title Your mother and mine,
Remainder of title through the maze of pride, lust, labor, color and creed,
Statement of responsibility, etc. by Nellie M. Fall.
260 ## - PUBLICATION, DISTRIBUTION, ETC.
Place of publication, distribution, etc. Los Angeles, Calif.,
Name of publisher, distributor, etc. Grafton Publishing Corporation
Date of publication, distribution, etc. [c1922]
300 ## - PHYSICAL DESCRIPTION
Extent 10 l.
Dimensions 19 cm.
500 ## - GENERAL NOTE
General note Poems, printed on one side of double leaves folded once in Japanese style.
530 ## - ADDITIONAL PHYSICAL FORM AVAILABLE NOTE
Additional physical form available note Also available in digital form on the Internet Archive Web site.
856 41 - ELECTRONIC LOCATION AND ACCESS
Uniform Resource Identifier <a href="http://hdl.loc.gov/loc.gdc/scd0001.00159068882">http://hdl.loc.gov/loc.gdc/scd0001.00159068882</a>

No items available.

Powered by Koha